[Event "Wch U14"]
[Site "Mamaia"]
[Date "2022.09.15"]
[Round "10"]
[White "Habans Aguerrea, Javier"]
[Black "Sultangaziev, Amir"]
[Result "1-0"]
[WhiteElo "2387"]
[BlackElo "1759"]
[PlyCount "65"]
[EventDate "2022.09.06"]
[EventType "swiss"]
[EventRounds "11"]
[EventCountry "ROU"]
[SourceTitle "CBM 210 Extra"]
[Source "ChessBase"]
[SourceDate "2022.11.30"]
[SourceVersion "1"]
[SourceVersionDate "2022.11.30"]
[SourceQuality "1"]

1. c4 Nf6 2. Nf3 e6 3. d4 d5 4. g3 Be7 5. Bg2 0-0 6. Qc2 c5 7. dxc5 d4 8. b4 a5 9. b5 Bxc5 10. Nbd2 Nbd7 11. Nb3 e5 12. 0-0 Re8 13. Nxc5 Nxc5 14. Ba3 Qb6 15. Nd2 Bg4 16. Bxc5 Qxc5 17. Bxb7 Bxe2 18. Bxa8 d3 19. Qc3 Rxa8 20. Rfe1 e4 21. Rxe2 dxe2 22. Re1 Qh5 23. f3 exf3 24. Qxf3 Qxf3 25. Nxf3 Rc8 26. Ne5 Re8 27. Nc6 Kf8 28. h3 Nd7 29. Kf2 Nb6 30. Rxe2 Nxc4 31. Rc2 Na3 32. Rc5 Re6 33. b6 1-0

[Event "Moscow Botvinnik Memorial Cup"]
[Site "Moscow"]
[Date "2022.08.23"]
[Round "9.2"]
[White "Sultangaziev, Amir"]
[Black "Dreev, Alexey"]
[Result "1/2-1/2"]
[WhiteElo "1759"]
[BlackElo "2606"]
[PlyCount "97"]
[EventDate "2022.08.18"]
[EventType "team-tourn"]
[EventRounds "9"]
[EventCountry "RUS"]
[SourceTitle "CBM 209 Extra"]
[Source "ChessBase"]
[SourceDate "2022.09.30"]
[SourceVersion "1"]
[SourceVersionDate "2022.09.30"]
[SourceQuality "1"]
[WhiteTeam "Kyrgyzstan"]
[BlackTeam "Russia"]
[WhiteTeamCountry "KGZ"]
[BlackTeamCountry "RUS"]

1. e4 d6 2. d4 Nf6 3. Nc3 e5 4. Nf3 exd4 5. Nxd4 Be7 6. Be2 0-0 7. 0-0 Re8 8. Qd3 Bf8 9. Bg5 Nbd7 10. Qg3 h6 11. Bxh6 Nxe4 12. Nxe4 Rxe4 13. Be3 Qf6 14. Rad1 Nc5 15. Bf3 Re8 16. Nb5 Ne6 17. c3 Bd7 18. Nd4 c6 19. Bg4 Nc5 20. Bxd7 Nxd7 21. Nf3 Qg6 22. Qxg6 fxg6 23. c4 Nf6 24. Rfe1 d5 25. cxd5 Nxd5 26. Bd2 Be7 27. Kf1 Bf6 28. b3 Kf7 29. Ng5+ Bxg5 30. Bxg5 Re6 31. h3 Rae8 32. Bd2 Rh8 33. Rxe6 Kxe6 34. Re1+ Kf5 35. g4+ Kf6 36. Kg2 Kf7 37. Kg3 Rd8 38. Bg5 Nf6 39. f3 Rd3 40. Kf2 Nd5 41. Ke2 Rd4 42. Rc1 Ke6 43. h4 Rb4 44. Kd3 Rb5 45. Re1+ Kf7 46. Kc4 a5 47. a3 Nb6+ 48. Kc3 Nd5+ 49. Kc4 1/2-1/2

[Event "KGZ-ch"]
[Site "Bishkek"]
[Date "2022.05.02"]
[Round "3"]
[White "Sultangaziev, Amir"]
[Black "Maznitsin, Andrei"]
[Result "0-1"]
[WhiteElo "1517"]
[BlackElo "2243"]
[PlyCount "159"]
[EventDate "2022.04.30"]
[EventType "swiss"]
[EventRounds "11"]
[EventCountry "KGZ"]
[SourceTitle "EXT 2023"]
[Source "ChessBase"]
[SourceDate "2022.10.05"]
[SourceVersion "1"]
[SourceVersionDate "2022.10.05"]
[SourceQuality "1"]

1. d4 d5 2. c4 c6 3. Nf3 Nf6 4. g3 Bg4 5. Ne5 Bf5 6. Bg2 e6 7. Nc3 Nbd7 8. Qb3 Qb6 9. Nxd7 Nxd7 10. 0-0 Be7 11. e4 dxe4 12. Nxe4 0-0 13. Be3 Nf6 14. Nc5 Qxb3 15. axb3 b6 16. Na4 Bc2 17. Nc3 Bxb3 18. Bxc6 Rac8 19. Rxa7 Rxc6 20. Rxe7 Bxc4 21. Ra1 Nd5 22. Rd7 Nxc3 23. bxc3 Rcc8 24. Rb7 Bd5 25. Rxb6 Rxc3 26. Rc1 Rxc1+ 27. Bxc1 Ra8 28. Kf1 h6 29. Be3 Kh7 30. Ke2 g5 31. h4 gxh4 32. gxh4 Kg6 33. Rb1 Ra2+ 34. Kd3 Ra3+ 35. Ke2 Ra2+ 36. Kd3 Ra3+ 37. Ke2 Ra2+ 38. Kd3 Kh5 39. Rg1 Kxh4 40. Bxh6 Rxf2 41. Bg7 f5 42. Ke3 Rf3+ 43. Ke2 Ra3 44. Be5 Ra2+ 45. Ke3 Bg2 46. Rc1 Ra3+ 47. Kf2 Bd5 48. Rg1 f4 49. Re1 Kg4 50. Rg1+ Kf5 51. Re1 Bc4 52. Rh1 Ra2+ 53. Kg1 f3 54. Rh2 Ra1+ 55. Kf2 Kg4 56. Ke3 Ra3+ 57. Kf2 Rd3 58. Ke1 Bd5 59. Kf2 Ra3 60. Ke1 Ra1+ 61. Kf2 Kf5 62. Ke3 Ra3+ 63. Kd2 Kg5 64. Ke1 Bc4 65. Bd6 Rb3 66. Be5 Kf5 67. Kf2 Bd5 68. Ke1 Ke4 69. Kd2 Rd3+ 70. Ke1 Ke3 71. Rc2 Rb3 72. Rc1 f2+ 73. Kf1 Bc4+ 74. Kg2 f1Q+ 75. Rxf1 Bxf1+ 76. Kxf1 Rb2 77. Kg1 Rd2 78. Kf1 Rxd4 79. Bxd4+ Kxd4 80. Ke2 0-1

[Event "KGZ Olimp U16 qual"]
[Site "Bishkek"]
[Date "2019.09.08"]
[Round "7"]
[White "Sultangaziev, Amir"]
[Black "Rahatbekov, Tilegen"]
[Result "1-0"]
[WhiteElo "1322"]
[BlackElo "1330"]
[PlyCount "33"]
[EventDate "2019.09.05"]
[EventType "swiss"]
[EventRounds "9"]
[EventCountry "KGZ"]
[SourceTitle "CBM 195 Extra"]
[Source "ChessBase"]
[SourceDate "2020.05.31"]
[SourceVersion "1"]
[SourceVersionDate "2020.05.31"]
[SourceQuality "1"]

1. e4 e6 2. d4 d5 3. Nc3 Nf6 4. e5 Nfd7 5. f4 f6 6. Nf3 Nc6 7. Bd3 fxe5 8. fxe5 Be7 9. 0-0 0-0 10. a3 Na5 11. Qe2 c5 12. b4 cxd4 13. Nxd4 Nc6 14. Nxe6 Rxf1+ 15. Kxf1 Qb6 16. Nxd5 Qd4 17. Nxd4 1-0

[Event "KGZ Olimp U16 qual"]
[Site "Bishkek"]
[Date "2019.09.07"]
[Round "5"]
[White "Sultangaziev, Amir"]
[Black "Sovetbekova, Nurai"]
[Result "1-0"]
[WhiteElo "1322"]
[BlackElo "1526"]
[PlyCount "73"]
[EventDate "2019.09.05"]
[EventType "swiss"]
[EventRounds "9"]
[EventCountry "KGZ"]
[SourceTitle "CBM 195 Extra"]
[Source "ChessBase"]
[SourceDate "2020.05.31"]
[SourceVersion "1"]
[SourceVersionDate "2020.05.31"]
[SourceQuality "1"]

1. e4 c5 2. Ne2 d6 3. g3 Nf6 4. Bg2 Nc6 5. 0-0 g6 6. d3 Bg7 7. f4 Bd7 8. c4 h5 9. h4 Qc8 10. Bd2 Bh3 11. Bc3 e5 12. Na3 a6 13. Qd2 Bxg2 14. Kxg2 Ng4 15. Nc2 Nd4 16. Kg1 Nxc2 17. Qxc2 Ne3 18. Qa4+ b5 19. cxb5 Nxf1 20. Rxf1 0-0 21. f5 axb5 22. Qxb5 Qa6 23. Qb3 Qxd3 24. Rf2 Qxe4 25. fxg6 Qxg6 26. Kh2 Kh7 27. Qd5 f5 28. a3 Ra4 29. Rf1 Re4 30. Rf2 Rg8 31. Qb7 Kh8 32. Qd5 Bf6 33. Qd3 Bxh4 34. Be1 Be7 35. Rg2 Qg4 36. Qd2 Qf3 37. Qh6# 1-0

[Event "KGZ Olimp U16 qual"]
[Site "Bishkek"]
[Date "2019.09.05"]
[Round "2"]
[White "Sultangaziev, Amir"]
[Black "Agalykova, Angelina"]
[Result "0-1"]
[WhiteElo "1322"]
[BlackElo "1122"]
[PlyCount "58"]
[EventDate "2019.09.05"]
[EventType "swiss"]
[EventRounds "9"]
[EventCountry "KGZ"]
[SourceTitle "CBM 195 Extra"]
[Source "ChessBase"]
[SourceDate "2020.05.31"]
[SourceVersion "1"]
[SourceVersionDate "2020.05.31"]
[SourceQuality "1"]

1. e4 e5 2. d4 Nf6 3. Bg5 Be7 4. Bxf6 Bxf6 5. d5 d6 6. Bb5+ c6 7. Ba4 Bd7 8. c4 0-0 9. Nf3 Qb6 10. Nbd2 Bg4 11. h3 Bh5 12. g4 Bg6 13. g5 Be7 14. h4 Bh5 15. Rb1 Nd7 16. Nf1 Qb4+ 17. N1d2 Bxf3 18. Qxf3 Qxa4 19. b4 Rab8 20. Qg4 Nb6 21. h5 Qxa2 22. g6 Nxc4 23. Nxc4 Qxb1+ 24. Kd2 Qxh1 25. Ne3 Qh4 26. gxh7+ Kxh7 27. Qf5+ g6 28. hxg6+ fxg6 29. Qe6 Rxf2+ 0-1

[Event "KGZ-ch U20"]
[Site "Bishkek"]
[Date "2019.03.19"]
[Round "1"]
[White "Sultangaziev, Amir"]
[Black "Onufrienko, Vladislav"]
[Result "0-1"]
[WhiteElo "1157"]
[BlackElo "1785"]
[PlyCount "38"]
[EventDate "2019.03.19"]
[EventType "swiss"]
[EventRounds "9"]
[EventCountry "KGZ"]
[SourceTitle "CBM 190 Extra"]
[Source "ChessBase"]
[SourceDate "2019.07.15"]
[SourceVersion "1"]
[SourceVersionDate "2019.07.15"]
[SourceQuality "1"]

1. e4 c5 2. Nf3 Nc6 3. Bc4 e6 4. Nc3 d5 5. exd5 exd5 6. Qe2+ Be7 7. Bb5 Nf6 8. d4 0-0 9. Bf4 cxd4 10. Na4 Bb4+ 11. c3 dxc3 12. bxc3 Re8 13. Be3 Bd6 14. Bxc6 bxc6 15. Nd4 c5 16. Nc6 Qd7 17. Bxc5 Rxe2+ 18. Kxe2 Bxc5 19. Nxc5 Qxc6 0-1